| 000 | 00644nam a2200229Ia 4500 | ||
|---|---|---|---|
| 003 | OSt | ||
| 005 | 20221007075946.0 | ||
| 006 | a|||||r|||| 00| 0 | ||
| 007 | ta | ||
| 008 | 221006b |||||||| |||| 00| 0 eng d | ||
| 024 | _a16,788 | ||
| 037 | _cTextual | ||
| 040 |
_aFLL _cFLL _beng |
||
| 041 |
_2eng _aeng |
||
| 082 | _aY11:414:6.73.N83, M5 | ||
| 100 |
_aElliott Delbert S. _9694448 |
||
| 245 | 0 | _aExplaining delinquency and drug use | |
| 260 |
_aNew Delhi _bSage Publications India _c1985 |
||
| 300 |
_a176p _ccm. |
||
| 942 |
_hY11:414:6.73.N83, M5 _cTEXL _2CC |
||
| 999 |
_c1157939 _d1157939 |
||